000 00737nam a22002417a 4500
001 BR9805213
003 BR-BrBNA
005 20230928100142.0
007 ta
008 230509b bl.||||| |||| 00| 0 por d
040 _aBR-BrBNA
_bpor
_cBiblioteca Nacional de Agricultura
041 _a(Por)
072 _aE40; E13
090 _ E40 BR9805213
110 1 _aProjeto Novas Fronteiras da Cooperacao para o Desenvolvimento Sustentavel, Brasilia, DF (Brasil)
_98083
245 1 _aCooperativa de Credito Rural - CREDI; cartilha do credito rural cooperativo
260 3 _aBrasilia, DF (Brasil):
_c1998.
300 _a25 p.
650 _aCredito Rural
650 _aCooperativa
909 _a202309
_bLucia
_c55
_dLucia Elande
942 _cBK
999 _c60542
_d60542